Quick Pick: Seven Dwarfs in Latin Quiz Stats

 Plays Quiz Updated Oct 17, 2019

Score 0/7 Timer 00:45
0 Plays Today
% Correct
Sleepy
85.6%
Doc
84.8%
Grumpy
82.6%
Happy
50%
Sneezy
47%
Bashful
43.2%
Dopey
43.1%

Today's Daily Dose

You're not logged in!

Compare scores with friends on all Sporcle quizzes.
OR
Log In

Sporcle TV

Today on Sporcle TV


Watch our educational content, quiz creation guides, and fun videos on Sporcle TV.

Show Comments

Extras

Top Quizzes Today


Score Distribution

Your Account Isn't Verified!

In order to create a playlist on Sporcle, you need to verify the email address you used during registration. Go to your Sporcle Settings to finish the process.

Report this User

Report this user for behavior that violates our Community Guidelines.

Details: